000 00776nam a2200253Ia 4500
003 OSt
005 20220926000819.0
006 a|||||r|||| 00| 0
007 ta
008 220923b |||||||| |||| 00| 0 eng d
020 _a9231037722
037 _cGeneral Book
040 _aRTL
_cRTL
_beng
041 _2eng
_aeng
082 _aY72:356(S:6828).2, P2
100 _aMahapatra Sitakant
245 0 _aThey sing life
_b Anthology of oral poetry of the primitive tribes of India
260 _a New Delhi
_bInter-India Publications
_c2002
300 _a167p
_ccm.
500 _aBibliography: P161-164
650 _aTribal Song India
_9303041
942 _hY72:356(S:6828).2, P2
_cGB
_2CC
999 _c599814
_d599814